000 00377nam a22001451a 4500
999 _c39883
_d39883
082 _aS 294.538
_bJAY/S
100 _aJayakrishna Mishra
245 _aSamskaranam paryalochanam/
_cby Jayakrishna Mishra
260 _aNew Delhi:
_bRashtriya Sanskrit Sansthan,
_c2005.
300 _a192p.
650 _aRituals Hinduism
650 _aHinduism
650 _aReligion
942 _cBK